Kořeny multilateralismu v japonské intelektuální tradici

Korene japonského vnímania multilateralizmu v diele dvoch zástupcov predvojnového japonského myslenia – Chomina Nakaeho a Sakuzoa Yoshina. Text vychádza z predpokladu, že intelektuálna a kulturna tradícia ovplyvňuje moderné vnímanie základných politických konceptov. Japonsko bolo dlho označované ako...

Descrizione completa

Salvato in:
Dettagli Bibliografici
Autore principale: Kolmaš, Michal
Natura: Capitolo di libro
Lingua:ceco
Soggetti:
Tags: Aggiungi Tag
Nessun Tag, puoi essere il primo ad aggiungerne!!

MARC

LEADER 00000naa a2200000 4500
001 0220680
005 20231208080115.7
041 0 |a cze 
044 |a CZ 
245 1 0 |a Kořeny multilateralismu v japonské intelektuální tradici  |c Michal Kolmaš 
520 |a Korene japonského vnímania multilateralizmu v diele dvoch zástupcov predvojnového japonského myslenia – Chomina Nakaeho a Sakuzoa Yoshina. Text vychádza z predpokladu, že intelektuálna a kulturna tradícia ovplyvňuje moderné vnímanie základných politických konceptov. Japonsko bolo dlho označované ako izolovaná a militaristická krajina a jeho politické myslenie nie je v medzinárodných vzťahoch vo veľkej miere reflektované. Na príklade učenia Nakaeho a Yoshina je vidieť, že idea medzinárodnej spolupráce bola teoretikom vlastná už v druhej polovici 19. storočia. 
610 2 0 |a vzťahy medzinárodné 
610 2 0 |a politika medzinárodná 
610 2 0 |a ideológia 
610 2 0 |a náboženstvo 
610 2 0 |a multilateralita 
610 2 0 |a kultúra 
610 2 0 |a história 
610 2 0 |a Japonsko 
100 1 |a Kolmaš, Michal